Представление документа в формате RUSMARC

ПолеНазваниеЗначение
  Тип записи a
  Библиографический уровень a
001 Контрольный номер RU/CBS_UL/BASE/ea74e0d72ee641aaaeab8d27278050cd
005 Дата корректировки 20241027141048.1
100 Данные общей обработки __
a Данные общей обработки 20241027 ||| 0rusy0189 ca
101 Язык документа 0_
a Язык текста rus
102 Страна публикации __
a Страна публикации RU
200 Заглавие и сведения об ответственности 1_
a Заглавие Мультипликация на уроках русского языка в начальной школе: от развлечения к обучению
e Сведения, относящиеся к заглавию [мастер-класс]
f Первые сведения об ответственности Д. Назмиева
300 Общие примечания __
a Общие примечания 16+
461 Уровень набора _0
1 2000
a Магариф
463 Уровень физической единицы _0
1 2000
a № 9
v С. 58-61 : фото
1 2101
d 2024
1 001RU/CBS_UL/BASE/7bbfbc48a76a4614bbdc4813fb0a06ff
606 Тематические рубрики 0_
a Основная рубрика Методика преподавания русского языка
610 Ключевые слова 0_
a Ключевые слова уроки
610 Ключевые слова 0_
a Ключевые слова уроки в школе
610 Ключевые слова 0_
a Ключевые слова начальные классы
610 Ключевые слова 0_
a Ключевые слова русский язык
610 Ключевые слова 0_
a Ключевые слова русский язык для детей
686 Индексы других классификаций __
2 Код системы rubbk
a Классификационный индекс 74.268.1Рус
700 Автор _1
a Фамилия Назмиева
b Имя (инициалы) Д.
g Полное личное имя Диляра
801 Источник записи _0
a Страна RU
b Организация МБУК ЦБС г. Ульяновска
c Дата составления 20241027
g Правила каталогизации RCR
801 Источник записи _1
a Страна RU
b Организация МБУК ЦБС г. Ульяновска
c Дата составления 20241027
g Правила каталогизации RCR
901 Тип документа __
t Тип документа b
w Контрольный № источника RU/CBS_UL/BASE/7bbfbc48a76a4614bbdc4813fb0a06ff
909 Создатель записи __
a Создатель записи lib17